003700000a2200109000450024500630000065000320006365000260009565000300012104100140015110000200016577300750018510aEstructura lógica del artículo científico agrícola14aComunicación científica14aRedacción técnica14aArtículos científicos0 aEspañol1 aSamper, Armando1 tComunicación Científica y Redacción Técnica3473q49-70d1990?